Rioni di Roma - Statistics

Statistiche generali
  • Questo quiz è stato fatto 409 volte
  • Il punteggio medio è 10 su 22
Risposte nella Mappa
Le risposte nella mappa del quiz sottostante sono codificate secondo una scala di colori dal rosso al verde in base alla % di persone che hanno risposto correttamente.
 
Statistiche sulle risposte
Rione % Corretto
R. XIII Trastevere
88%
R. I Monti
74%
R. XXII Prati
71%
R. XX Testaccio
65%
R. XV Esquilino
55%
R. II Trevi
49%
R. XIX Celio
48%
R. XIV Borgo
47%
R. IV Campo Marzio
44%
R. V Ponte
43%
R. VI Parione
40%
R. XVIII Castro Pretorio
40%
R. XXI San Saba
40%
R. III Colonna
39%
R. VII Regola
39%
R. XI Sant'Angelo
39%
R. IX Pigna
38%
R. XII Ripa
35%
R. VIII Sant'Eustachio
34%
R. X Campitelli
34%
R. XVI Ludovisi
34%
R. XVII Sallustiano
32%
Nessun quiz corrispondente trovato
Distribuzione punteggi
Percentuale di utenti per punteggio
Percentile per numero di risposta
I tuoi punteggi nel tempo
Non hai fatto questo quiz